000 00604nam a2200229 i 4500
001 C2-0329022
003 PPAK
005 20180728130203.0
008 141120s2014 my |||| ||||| | may d
040 _aPPAK
_beng
_cPPAK
_erda
082 0 4 _a899.231
_223
090 0 0 _a899.231
_bPUI
_dKK
245 0 0 _aPuisi
264 1 _aBandar Baru Bangi, Selangor :
_bWanita ,
_c2014
300 _a1 pages ;
_c30 cm.
336 _2rdacontent
_atext
337 _2rdamedia
_aunmediated
338 _2rdacarrier
_avolume
500 _aArtikel (Wanita - November 2014)
650 1 0 _aMalay poetry.
942 _ddc
_cB
999 _c128287
_d128287